The causes of industrial unrest /

Bibliographic Details
Main Author: Fitch, John A. (John Andrews), 1881-1959
Format: Book
Language:English
Published: New York, London : Harper & brothers, 1924.
Subjects:

MARC

Tag First Indicator Second Indicator Subfields
LEADER 00000cam a2200000 4500
001 in00000054454
005 20151008052034.0
008 720802s1924 nyu b 00000 eng u
010 |a  24020077  
035 |a (OCoLC)00371882 
035 |9 AAH1354AM 
040 |c KSU  |d TXA  |d UtOrBLW 
049 |a TXAM  |c [21444] 
050 0 |a HD8072  |b .F5 
092 |a 331.8  |b F545c 
100 1 |a Fitch, John A.  |q (John Andrews),  |d 1881-1959. 
245 1 4 |a The causes of industrial unrest /  |c by John A. Fitch. 
264 1 |a New York,  |a London :  |b Harper & brothers,  |c 1924. 
300 |a xiv, 424 pages ;  |c 21 cm. 
336 |a text  |b txt  |2 rdacontent 
337 |a unmediated  |b n  |2 rdamedia 
338 |a volume  |b nc  |2 rdacarrier 
500 |a "First edition." 
650 0 |a Working class  |z United States  |y 1914- 
650 0 |a Labor unions  |z United States. 
650 0 |a Labor movement  |z United States  |y 1914- 
650 0 |a Labor  |z United States  |y 1914- 
999 |a MARS 
999 f f |s cc22440c-73dd-3ea6-a137-9937b4e977c2  |i 71a5e7a4-3c1d-3abe-8300-7f444814c412  |t 0 
952 f f |p ric  |a Texas A&M University  |b Rellis Campus  |c Joint Library Facility  |d Remote Storage  |t 0  |e HD8072 .F5  |h Library of Congress classification  |i unmediated -- volume  |m A14800721190 
998 f f |a HD8072 .F5  |t 0  |l Remote Storage